[Minecraft] - All Natural End Blocks - Statistics

General Stats
  • This quiz has been taken 58 times
  • The average score is 15 of 26
Answer Stats
Hint Answer % Correct
Literally wherever you look End Stone
100%
The End & End Cities Obsidian
98%
Can't be obtained in Survival Bedrock
90%
End Cities Purpur Block
79%
End Cities Purpur Stairs
79%
The End End Crystal
76%
End Cities End Rod
76%
End Cities End Stone Bricks
74%
End Cities Purpur Slab
74%
End Cities Chest
69%
The End Dragon Egg
62%
End Cities Item Frame
62%
Can't be obtained in Survival End Portal
60%
End Cities Dragon Head
57%
End Cities Purpur Pillar
55%
The End Torch
52%
Outer Islands Chorus Flower
50%
End Cities Ender Chest
50%
Outer Islands Chorus Plant
48%
End Cities Brewing Stand
43%
The End Iron Bars
40%
End Cities Ladder
36%
End Cities Magenta Stained Glass
36%
Can't be obtained in Survival End Gateway
29%
End Cities Magenta Banner
21%
Can't be obtained in Survival Fire
14%
No matching quizzes found
Score Distribution
Percent of People with Each Score
Percentile by Number Answered
Your Score History
You have not taken this quiz